000 00642nam a22001937a 4500
005 20251108170756.0
008 250721s2000 xx 000 0 ara d
082 1 4 _aط/363.73/خطي
100 1 _aالخطيب، أحمد شفيق
_eمؤلف
245 1 0 _aالحفاظ على نقاوة الهواء /
264 1 _aبيروت :
_bمكتبة لبنان،
_c2000.
300 _a48ص : مص
490 0 _aموسوعة البيئة للناشئين-كتب الفراشة
650 1 7 _aتلوث الهواء
653 _aناشاون كبار (15-18) سنه
700 1 _aخيرالله، يوسف
942 _2ddc
_cBK
999 _c48697
_d48697